الاسلام وتحدي الديمقراطية/ (Record no. 5965)
[ view plain ]
| 000 -LEADER | |
|---|---|
| fixed length control field | 00996nac a22002051u 4500 |
| 008 - FIXED-LENGTH DATA ELEMENTS--GENERAL INFORMATION | |
| fixed length control field | 100725s2005 ua||||||r||| 000 0 ra d |
| 020 ## - INTERNATIONAL STANDARD BOOK NUMBER | |
| International Standard Book Number | 9770912980 |
| 082 ## - DEWEY DECIMAL CLASSIFICATION NUMBER | |
| Classification number | 297.272 |
| Item number | ف ض ل |
| Edition number | 22 |
| 100 ## - MAIN ENTRY--PERSONAL NAME | |
| Personal name | أبو الفضل، خالد |
| 9 (RLIN) | 16658 |
| 245 ## - TITLE STATEMENT | |
| Title | الاسلام وتحدي الديمقراطية/ |
| Statement of responsibility, etc | خالد أبو الفضل ...[الخ] ; ترجمة قاسم عبده قاسم |
| 260 ## - PUBLICATION, DISTRIBUTION, ETC. (IMPRINT) | |
| Place of publication, distribution, etc | القاهرة: |
| Name of publisher, distributor, etc | مكتبة الشروق الدولية ، 2005 |
| Date of publication, distribution, etc | 2005. |
| 300 ## - PHYSICAL DESCRIPTION | |
| Extent | 147 ص; |
| Dimensions | 20سم |
| 504 ## - BIBLIOGRAPHY, ETC. NOTE | |
| Bibliography, etc | يحتوي على ارجاعات ببليوجرافية وكشاف |
| 511 ## - PARTICIPANT OR PERFORMER NOTE | |
| Participant or performer note | Catalogued by: Sara |
| 541 ## - IMMEDIATE SOURCE OF ACQUISITION NOTE | |
| Source of acquisition | ألف باء ; |
| 650 ## - SUBJECT ADDED ENTRY--TOPICAL TERM | |
| Topical term or geographic name as entry element | الاسلام والديمقراطية |
| 9 (RLIN) | 16660 |
| 700 ## - ADDED ENTRY--PERSONAL NAME | |
| Personal name | قاسم ، عبده قاسم |
| 9 (RLIN) | 16169 |
| 942 ## - ADDED ENTRY ELEMENTS (KOHA) | |
| Item type | Book - Borrowing |
| Call number prefix | 297.272 ف ض ل |
| Source of classification or shelving scheme | Dewey Decimal Classification |
| Withdrawn status | Item status | Source of classification or shelving scheme | Damaged status | Not for loan | Vendor | Home library | Current library | Shelving location | Date acquired | Total Checkouts | Full call number | Barcode | Date last seen | Koha item type |
|---|---|---|---|---|---|---|---|---|---|---|---|---|---|---|
| Dewey Decimal Classification | Alef-Baa | Central Library | Central Library | Lower Floor | 25/07/2010 | 297.272 أبو | 000007590 | 15/07/2025 | Book - Borrowing |